<?xml version="1.0" encoding="UTF-8"?>
<record
    xmlns:xsi="http://www.w3.org/2001/XMLSchema-instance"
    xsi:schemaLocation="http://www.loc.gov/MARC21/slim http://www.loc.gov/standards/marcxml/schema/MARC21slim.xsd"
    xmlns="http://www.loc.gov/MARC21/slim">

  <leader>02838nam0a2200409   4500</leader>
  <controlfield tag="001">RU\NLR\bibl\1816355</controlfield>
  <controlfield tag="005">20260409000137.0</controlfield>
  <datafield tag="010" ind1=" " ind2=" ">
    <subfield code="a">978-5-86793-903-8</subfield>
    <subfield code="9">1000</subfield>
  </datafield>
  <datafield tag="021" ind1=" " ind2=" ">
    <subfield code="a">RU</subfield>
    <subfield code="b">2011-68623</subfield>
    <subfield code="9">4844</subfield>
  </datafield>
  <datafield tag="035" ind1=" " ind2=" ">
    <subfield code="a">(NLR Aleph) 001806935</subfield>
  </datafield>
  <datafield tag="090" ind1=" " ind2=" ">
    <subfield code="a">1817062</subfield>
    <subfield code="c">1817062</subfield>
  </datafield>
  <datafield tag="100" ind1=" " ind2=" ">
    <subfield code="a">20110930d2011    |||y0rusy50      ca</subfield>
  </datafield>
  <datafield tag="101" ind1="0" ind2=" ">
    <subfield code="a">rus</subfield>
    <subfield code="d">eng</subfield>
  </datafield>
  <datafield tag="102" ind1=" " ind2=" ">
    <subfield code="a">RU</subfield>
  </datafield>
  <datafield tag="105" ind1=" " ind2=" ">
    <subfield code="a">a   |||||||||</subfield>
  </datafield>
  <datafield tag="200" ind1="1" ind2=" ">
    <subfield code="a">&#x420;&#x443;&#x441;&#x441;&#x43A;&#x438;&#x439; &#x411;&#x435;&#x440;&#x442;&#x43E;&#x43B;&#x44C;&#x434;&#x43E;</subfield>
    <subfield code="e">&#x441;&#x443;&#x434;&#x44C;&#x431;&#x430; &#x438;&#x442;&#x430;&#x43B;&#x44C;&#x44F;&#x43D;&#x441;&#x43A;&#x43E;&#x433;&#x43E; &#x43A;&#x43E;&#x43C;&#x438;&#x447;&#x435;&#x441;&#x43A;&#x43E;&#x433;&#x43E; &#x440;&#x43E;&#x43C;&#x430;&#x43D;&#x430; &#x432; &#x420;&#x43E;&#x441;&#x441;&#x438;&#x438; XVIII &#x432;&#x435;&#x43A;&#x430;: &#x440;&#x443;&#x43A;&#x43E;&#x43F;&#x438;&#x441;&#x438;, &#x438;&#x437;&#x434;&#x430;&#x43D;&#x438;&#x44F;, &#x447;&#x438;&#x442;&#x430;&#x442;&#x435;&#x43B;&#x438;</subfield>
    <subfield code="f">&#x413;.&#x410;. &#x41A;&#x43E;&#x441;&#x43C;&#x43E;&#x43B;&#x438;&#x43D;&#x441;&#x43A;&#x430;&#x44F;</subfield>
    <subfield code="g">&#x41D;&#x430;&#x443;&#x447;. &#x446;&#x435;&#x43D;&#x442;&#x440; &#x438;&#x441;&#x441;&#x43B;&#x435;&#x434;. &#x438;&#x441;&#x442;&#x43E;&#x440;&#x438;&#x438; &#x43A;&#x43D;. &#x43A;&#x443;&#x43B;&#x44C;&#x442;&#x443;&#x440;&#x44B; &#x43F;&#x440;&#x438; &#x410;&#x43A;&#x430;&#x434;&#x435;&#x43C;&#x438;&#x437;&#x434;&#x430;&#x442;&#x435; "&#x41D;&#x430;&#x443;&#x43A;&#x430;" &#x420;&#x410;&#x41D;, &#x41D;&#x430;&#x443;&#x447;. &#x431;-&#x43A;&#x430; &#x41C;&#x413;&#x423; &#x438;&#x43C;. &#x41C;.&#x412;. &#x41B;&#x43E;&#x43C;&#x43E;&#x43D;&#x43E;&#x441;&#x43E;&#x432;&#x430;</subfield>
  </datafield>
  <datafield tag="210" ind1=" " ind2=" ">
    <subfield code="a">&#x41C;&#x43E;&#x441;&#x43A;&#x432;&#x430;</subfield>
    <subfield code="c">&#x41D;&#x43E;&#x432;&#x43E;&#x435; &#x43B;&#x438;&#x442;&#x435;&#x440;&#x430;&#x442;&#x443;&#x440;&#x43D;&#x43E;&#x435; &#x43E;&#x431;&#x43E;&#x437;&#x440;&#x435;&#x43D;&#x438;&#x435;</subfield>
    <subfield code="d">2011</subfield>
  </datafield>
  <datafield tag="215" ind1=" " ind2=" ">
    <subfield code="a">294 &#x441;.</subfield>
    <subfield code="c">&#x438;&#x43B;.</subfield>
    <subfield code="d">22</subfield>
  </datafield>
  <datafield tag="225" ind1="1" ind2=" ">
    <subfield code="a">&#x41D;&#x430;&#x443;&#x447;&#x43D;&#x430;&#x44F; &#x431;&#x438;&#x431;&#x43B;&#x438;&#x43E;&#x442;&#x435;&#x43A;&#x430;</subfield>
  </datafield>
  <datafield tag="225" ind1="1" ind2=" ">
    <subfield code="a">&#x41D;&#x43E;&#x432;&#x43E;&#x435; &#x43B;&#x438;&#x442;&#x435;&#x440;&#x430;&#x442;&#x443;&#x440;&#x43D;&#x43E;&#x435; &#x43E;&#x431;&#x43E;&#x437;&#x440;&#x435;&#x43D;&#x438;&#x435;</subfield>
    <subfield code="i">&#x41D;&#x430;&#x443;&#x447;&#x43D;&#x43E;&#x435; &#x43F;&#x440;&#x438;&#x43B;&#x43E;&#x436;&#x435;&#x43D;&#x438;&#x435;</subfield>
    <subfield code="v">&#x432;&#x44B;&#x43F;. 190</subfield>
  </datafield>
  <datafield tag="300" ind1=" " ind2=" ">
    <subfield code="a">&#x420;&#x435;&#x437;. &#x43D;&#x430; &#x430;&#x43D;&#x433;&#x43B;. &#x44F;&#x437;.</subfield>
  </datafield>
  <datafield tag="320" ind1=" " ind2=" ">
    <subfield code="a">&#x411;&#x438;&#x431;&#x43B;&#x438;&#x43E;&#x433;&#x440;.: &#x441;. 272-278</subfield>
  </datafield>
  <datafield tag="320" ind1=" " ind2=" ">
    <subfield code="a">&#x418;&#x43C;&#x435;&#x43D;. &#x443;&#x43A;&#x430;&#x437;.: &#x441;. 283-291</subfield>
  </datafield>
  <datafield tag="327" ind1="1" ind2=" ">
    <subfield code="a">&#x41A;&#x43D;. &#x43F;&#x43E;&#x441;&#x432;&#x44F;&#x449;&#x435;&#x43D;&#x430; &#x441;&#x443;&#x434;&#x44C;&#x431;&#x435; &#x440;&#x43E;&#x43C;&#x430;&#x43D;&#x430; "&#x425;&#x438;&#x442;&#x440;&#x43E;&#x443;&#x43C;&#x43D;&#x44B;&#x435; &#x43F;&#x440;&#x43E;&#x434;&#x435;&#x43B;&#x43A;&#x438; &#x411;&#x435;&#x440;&#x442;&#x43E;&#x43B;&#x44C;&#x434;&#x43E;" &#x414;&#x436;&#x443;&#x43B;&#x438;&#x430;&#x43D;&#x430; &#x427;&#x435;&#x437;&#x430;&#x440;&#x435; &#x41A;&#x440;&#x43E;&#x447;&#x435;. &#x412; &#x43A;&#x43D;. &#x442;&#x430;&#x43A;&#x436;&#x435;: &#x425;&#x438;&#x442;&#x440;&#x43E;&#x441;&#x442;&#x438; &#x411;&#x435;&#x440;&#x442;&#x43E;&#x43B;&#x434;&#x43E;&#x432;&#x44B;: &#x442;&#x435;&#x43A;&#x441;&#x442;: &#x440;&#x443;&#x441;&#x441;&#x43A;&#x438;&#x439; &#x43F;&#x435;&#x440;&#x435;&#x432;&#x43E;&#x434; 1740-&#x445; &#x433;&#x43E;&#x434;&#x43E;&#x432; (&#x440;&#x443;&#x43A;&#x43E;&#x43F;&#x438;&#x441;&#x44C; &#x411;&#x438;&#x431;&#x43B;&#x438;&#x43E;&#x442;&#x435;&#x43A;&#x438; &#x41C;&#x413;&#x423;)</subfield>
  </datafield>
  <datafield tag="464" ind1=" " ind2="0">
    <subfield code="1">2001#$a&#x425;&#x438;&#x442;&#x440;&#x43E;&#x441;&#x442;&#x438; &#x411;&#x435;&#x440;&#x442;&#x43E;&#x43B;&#x434;&#x43E;&#x432;&#x44B;$e&#x442;&#x435;&#x43A;&#x441;&#x442;$e&#x440;&#x443;&#x441;&#x441;&#x43A;&#x438;&#x439; &#x43F;&#x435;&#x440;&#x435;&#x432;&#x43E;&#x434; 1740-&#x445; &#x433;&#x43E;&#x434;&#x43E;&#x432; (&#x440;&#x443;&#x43A;&#x43E;&#x43F;&#x438;&#x441;&#x44C; &#x411;&#x438;&#x431;&#x43B;&#x438;&#x43E;&#x442;&#x435;&#x43A;&#x438; &#x41C;&#x413;&#x423;)</subfield>
    <subfield code="t">&#x425;&#x438;&#x442;&#x440;&#x43E;&#x441;&#x442;&#x438; &#x411;&#x435;&#x440;&#x442;&#x43E;&#x43B;&#x434;&#x43E;&#x432;&#x44B;</subfield>
  </datafield>
  <datafield tag="500" ind1=" " ind2=" ">
    <subfield code="a">&#x411;&#x435;&#x440;&#x442;&#x43E;&#x43B;&#x44C;&#x434;&#x43E;</subfield>
    <subfield code="3">RU\NLR\auth\5510806</subfield>
    <subfield code="9">2632806</subfield>
  </datafield>
  <datafield tag="604" ind1=" " ind2=" ">
    <subfield code="1">700#1$a&#x41A;&#x440;&#x43E;&#x447;&#x435;$b&#x414;. &#x427;.$g&#x414;&#x436;&#x443;&#x43B;&#x438;&#x43E; &#x427;&#x435;&#x437;&#x430;&#x440;&#x43E;$f1550 - 1609</subfield>
    <subfield code="1">50010$a"&#x425;&#x438;&#x442;&#x440;&#x43E;&#x443;&#x43C;&#x43D;&#x44B;&#x435; &#x43F;&#x440;&#x43E;&#x434;&#x435;&#x43B;&#x43A;&#x438; &#x411;&#x435;&#x440;&#x442;&#x43E;&#x43B;&#x44C;&#x434;&#x43E;"$x&#x41F;&#x435;&#x440;&#x435;&#x432;&#x43E;&#x434;&#x44B; &#x43D;&#x430; &#x440;&#x443;&#x441;&#x441;&#x43A;&#x438;&#x439; &#x44F;&#x437;&#x44B;&#x43A;$2nlr_sh2$3RU\NLR\AUTH\661563384</subfield>
    <subfield code="a">&#x41A;&#x440;&#x43E;&#x447;&#x435;, &#x414;&#x436;&#x443;&#x43B;&#x438;&#x43E; &#x427;&#x435;&#x437;&#x430;&#x440;&#x43E; (1550 - 1609)</subfield>
    <subfield code="t">"&#x425;&#x438;&#x442;&#x440;&#x43E;&#x443;&#x43C;&#x43D;&#x44B;&#x435; &#x43F;&#x440;&#x43E;&#x434;&#x435;&#x43B;&#x43A;&#x438; &#x411;&#x435;&#x440;&#x442;&#x43E;&#x43B;&#x44C;&#x434;&#x43E;"</subfield>
    <subfield code="x">&#x41F;&#x435;&#x440;&#x435;&#x432;&#x43E;&#x434;&#x44B; &#x43D;&#x430; &#x440;&#x443;&#x441;&#x441;&#x43A;&#x438;&#x439; &#x44F;&#x437;&#x44B;&#x43A;</subfield>
    <subfield code="9">2626824</subfield>
    <subfield code="3">RU\NLR\AUTH\661563384</subfield>
  </datafield>
  <datafield tag="606" ind1="1" ind2=" ">
    <subfield code="a">&#x420;&#x443;&#x441;&#x441;&#x43A;&#x430;&#x44F; &#x43B;&#x438;&#x442;&#x435;&#x440;&#x430;&#x442;&#x443;&#x440;&#x430;</subfield>
    <subfield code="x">&#x421;&#x432;&#x44F;&#x437;&#x438;</subfield>
    <subfield code="x">&#x418;&#x442;&#x430;&#x43B;&#x44C;&#x44F;&#x43D;&#x441;&#x43A;&#x430;&#x44F; &#x43B;&#x438;&#x442;&#x435;&#x440;&#x430;&#x442;&#x443;&#x440;&#x430;</subfield>
    <subfield code="z">18 &#x432;.</subfield>
    <subfield code="9">2626836</subfield>
    <subfield code="3">RU\NLR\auth\661563396</subfield>
  </datafield>
  <datafield tag="686" ind1=" " ind2=" ">
    <subfield code="a">&#x428;5(2=&#x420;)4-318.3</subfield>
  </datafield>
  <datafield tag="686" ind1=" " ind2=" ">
    <subfield code="a">&#x428;5(4&#x418;&#x442;)43-4&#x41A;&#x440;&#x43E;&#x447;&#x435;418.37</subfield>
  </datafield>
  <datafield tag="700" ind1=" " ind2="1">
    <subfield code="a">&#x41A;&#x43E;&#x441;&#x43C;&#x43E;&#x43B;&#x438;&#x43D;&#x441;&#x43A;&#x430;&#x44F;</subfield>
    <subfield code="b">&#x413;. &#x410;.</subfield>
    <subfield code="g">&#x413;&#x430;&#x43B;&#x438;&#x43D;&#x430; &#x410;&#x43B;&#x435;&#x43A;&#x441;&#x430;&#x43D;&#x434;&#x440;&#x43E;&#x432;&#x43D;&#x430;</subfield>
    <subfield code="4">070</subfield>
  </datafield>
  <datafield tag="702" ind1=" " ind2="1">
    <subfield code="4">570</subfield>
    <subfield code="8">rus</subfield>
    <subfield code="7">ca</subfield>
    <subfield code="a">&#x41A;&#x440;&#x43E;&#x447;&#x435;</subfield>
    <subfield code="b">&#x414;. &#x427;.</subfield>
    <subfield code="f">1550-1609</subfield>
    <subfield code="g">&#x414;&#x436;&#x443;&#x43B;&#x438;&#x43E; &#x427;&#x435;&#x437;&#x430;&#x440;&#x435;</subfield>
    <subfield code="3">RU\NLR\auth\77104033</subfield>
    <subfield code="9">86958</subfield>
  </datafield>
  <datafield tag="801" ind1=" " ind2="0">
    <subfield code="a">RU</subfield>
    <subfield code="b">NLR</subfield>
    <subfield code="c">20110930</subfield>
    <subfield code="g">RCR</subfield>
  </datafield>
  <datafield tag="801" ind1=" " ind2="1">
    <subfield code="a">RU</subfield>
    <subfield code="b">NLR</subfield>
    <subfield code="c">20110930</subfield>
  </datafield>
  <datafield tag="942" ind1=" " ind2=" ">
    <subfield code="c">BOOK</subfield>
  </datafield>
  <datafield tag="980" ind1=" " ind2=" ">
    <subfield code="a">NB</subfield>
  </datafield>
  <datafield tag="980" ind1=" " ind2=" ">
    <subfield code="a">NBR</subfield>
  </datafield>
  <datafield tag="995" ind1=" " ind2=" ">
    <subfield code="5">2011-10-05</subfield>
    <subfield code="a">ad</subfield>
    <subfield code="b">NLR01</subfield>
    <subfield code="c">NLR01</subfield>
    <subfield code="e">RF8</subfield>
    <subfield code="f">3501265</subfield>
    <subfield code="k">2011-5/7496</subfield>
    <subfield code="o">0</subfield>
    <subfield code="r">BOOK</subfield>
    <subfield code="s">201157496_</subfield>
  </datafield>
  <datafield tag="995" ind1=" " ind2=" ">
    <subfield code="5">2011-10-05</subfield>
    <subfield code="a">ad</subfield>
    <subfield code="b">NLR01</subfield>
    <subfield code="c">NLR01</subfield>
    <subfield code="e">RF8</subfield>
    <subfield code="f">3501267</subfield>
    <subfield code="k">2011-5/7496</subfield>
    <subfield code="o">0</subfield>
    <subfield code="r">BOOK</subfield>
    <subfield code="s">201157496_</subfield>
  </datafield>
  <datafield tag="995" ind1=" " ind2=" ">
    <subfield code="5">2012-08-27</subfield>
    <subfield code="a">aa</subfield>
    <subfield code="b">NLR02</subfield>
    <subfield code="c">NLR02</subfield>
    <subfield code="e">UCHZ</subfield>
    <subfield code="f">1-196835</subfield>
    <subfield code="k">&#x423;  &#x428;5(2=&#x420;)4/&#x41A;-713</subfield>
    <subfield code="o">0</subfield>
    <subfield code="p">336.00</subfield>
    <subfield code="r">BOOK</subfield>
    <subfield code="s">_524713</subfield>
  </datafield>
</record>
